Estatísticas para Tabela Periódica dos Elementos Químicos

Clique aqui para jogar o quiz

Estatísticas Gerais

  • Esse quiz foi jogado 2 535 vezes
  • A pontuação média é 59 de 118

Estatísticas das Respostas

HintResposta% Correto
H (1)Hidrogênio
98%
Li (3)Lítio
96%
He (2)Hélio
95%
K (19)Potássio
95%
O (8)Oxigênio
93%
Na (11)Sódio
93%
Fe (26)Ferro
92%
Mg (12)Magnésio
92%
Ca (20)Cálcio
90%
Cu (29)Cobre
90%
N (7)Nitrogênio
90%
Au (79)Ouro
89%
C (6)Carbono
88%
Cl (17)Cloro
87%
Ag (47)Prata
86%
Zn (30)Zinco
85%
P (15)Fósforo
84%
Ra (88)Rádio
84%
Ba (56)Bário
83%
Cs (55)Césio
82%
F (9)Flúor
80%
Al (13)Alumínio
79%
Ar (18)Argônio
79%
Be (4)Berílio
79%
B (5)Boro
79%
Br (35)Bromo
78%
S (16)Enxofre
78%
Mn (25)Manganês
78%
Si (14)Silício
77%
Fr (87)Frâncio
76%
I (53)Iodo
76%
Co (27)Cobalto
75%
Ne (10)Neônio
75%
Ni (28)Níquel
73%
Xe (54)Xenônio
73%
Cr (24)Cromo
71%
U (92)Urânio
70%
Pb (82)Chumbo
68%
Ga (31)Gálio
68%
Rb (37)Rubídio
66%
Ti (22)Titânio
66%
Kr (36)Criptônio
65%
Hg (80)Mercúrio
65%
Se (34)Selênio
63%
Sr (38)Estrôncio
62%
Pt (78)Platina
58%
In (49)Índio
56%
Po (84)Polônio
56%
As (33)Arsênio
55%
Cd (48)Cádmio
54%
Te (52)Telúrio
53%
W (74)Tungstênio
53%
Rn (86)Radônio
52%
V (23)Vanádio
52%
Zr (40)Zircônio
52%
Pu (94)Plutônio
51%
Nb (41)Nióbio
50%
Ge (32)Germânio
49%
Sn (50)Estanho
48%
Os (76)Ósmio
46%
Pd (46)Paládio
46%
Bi (83)Bismuto
45%
Ir (77)Irídio
45%
At (85)Astato
44%
Mo (42)Molibdênio
43%
Rf (104)Rutherfórdio
42%
Y (39)Ítrio
41%
Sc (21)Escândio
40%
Tl (81)Tálio
39%
La (57)Lantânio
37%
Tc (43)Tecnécio
37%
Rh (45)Ródio
35%
Ta (73)Tântalo
35%
Ce (58)Cério
34%
Eu (63)Európio
34%
Ru (44)Rutênio
34%
Ac (89)Actínio
33%
Sb (51)Antimônio
32%
Es (99)Einstênio
32%
Am (95)Amerício
31%
Re (75)Rênio
31%
Hf (72)Háfnio
30%
Np (93)Netúnio
30%
Cf (98)Califórnio
29%
Lw (103)Laurêncio
28%
Th (90)Tório
28%
Bh (107)Bório
27%
Lu (71)Lutécio
27%
Tm (69)Túlio
27%
No (102)Nobélio
25%
Er (68)Érbio
24%
Gd (64)Gadolínio
24%
Md (101)Mendelévio
24%
Db (105)Dúbnio
23%
Nd (60)Neodímio
23%
Bk (97)Berquélio
22%
Sm (62)Samário
22%
Tb (65)Térbio
22%
Cm (96)Cúrio
21%
Fm (100)Férmio
21%
Hs (108)Hássio
21%
Ho (67)Hólmio
21%
Yb (70)Itérbio
21%
Pm (61)Promécio
21%
Sg (106)Seabórgio
21%
Pr (59)Praseodímio
20%
Dy (66)Disprósio
18%
Mt (109)Meitnério
16%
Pa (91)Protactínio
15%
Uuo (118)Ununóctio
13%
Uus (117)Ununséptio
10%
Uup (115)Ununpentio
9%
Uut (113)Ununtrio
9%
Uuh (116)Ununhexio
8%
Uuq (114)Ununquádio
8%
Uuu (111)Ununúnio
8%
Uub (112)Unúmbio
6%
Uun (110)Ununílio
5%

Distribuição das Pontuações

Percentil de Números Respondidos

Porcentagem de Pessoas com Cada Pontuação

Sua Pontuação Histórica

Você não jogou esse quiz